|
|
|
|
| LEADER |
00000nam2a2200000 4500 |
| 001 |
189169 |
| 005 |
20231031175159.0 |
| 035 |
|
|
|a (RuTPU)RU\TPU\book\205546
|
| 035 |
|
|
|a RU\TPU\book\204933
|
| 090 |
|
|
|a 189169
|
| 100 |
|
|
|a 20101221d1958 k y0rusy50 ca
|
| 101 |
0 |
|
|a rus
|
| 102 |
|
|
|a RU
|
| 105 |
|
|
|a a z 000zy
|
| 200 |
0 |
|
|a Т. 86
|
| 210 |
|
|
|c Изд-во Томского ун-та
|d 1958
|
| 215 |
|
|
|a 231 с.
|c рис., граф., табл., черт.
|
| 461 |
|
1 |
|0 (RuTPU)RU\TPU\book\200995
|t Известия Томского политехнического института [Известия ТПИ]
|f Томский политехнический институт (ТПИ)
|v Т. 86
|d 1944-1976
|
| 601 |
0 |
2 |
|a Томский политехнический институт (ТПИ)
|c (1944-1991)
|2 stltpush
|3 (RuTPU)RU\TPU\col\1123
|
| 610 |
1 |
|
|a научные исследования
|
| 610 |
1 |
|
|a электронно-лучевые трубки
|
| 610 |
1 |
|
|a яркость
|
| 610 |
1 |
|
|a импульсные приемники
|
| 610 |
1 |
|
|a метеоры
|
| 610 |
1 |
|
|a радиолокационные методы
|
| 610 |
1 |
|
|a радиолокаторы
|
| 610 |
1 |
|
|a генераторы
|
| 610 |
1 |
|
|a схемы
|
| 610 |
1 |
|
|a двухполюсники
|
| 610 |
1 |
|
|a движущиеся объекты
|
| 610 |
1 |
|
|a телевизионные изображения
|
| 610 |
1 |
|
|a телевизионные передающие трубки
|
| 610 |
1 |
|
|a автогенераторы
|
| 610 |
1 |
|
|a применение
|
| 610 |
1 |
|
|a импульсные сигналы
|
| 610 |
1 |
|
|a искажения
|
| 610 |
1 |
|
|a клистроны
|
| 610 |
1 |
|
|a бетатроны
|
| 610 |
1 |
|
|a электронные пушки
|
| 610 |
1 |
|
|a вакуумные камеры
|
| 610 |
1 |
|
|a тепловое излучение
|
| 610 |
1 |
|
|a кристаллы
|
| 610 |
1 |
|
|a физические свойства
|
| 610 |
1 |
|
|a эвтектические системы
|
| 610 |
1 |
|
|a поверхностная энергия
|
| 610 |
1 |
|
|a труды учёных ТПУ
|
| 675 |
|
|
|a 62
|v 3
|
| 801 |
|
1 |
|a RU
|b 63413507
|c 20090209
|g PSBO
|
| 801 |
|
2 |
|a RU
|b 63413507
|c 20130326
|g PSBO
|
| 942 |
|
|
|c BK
|